000 002780000a22001090004500
100 1 _aMilován, Guillermo
245 1 0 _aNiños con una misión especial
300 _aVol.48, núm.209 (1993), p. 10-13
650 1 4 _aLA NIÑEZ
773 0 _tLa Biblia en las Américas
942 _cANA
999 _c62898
_d62898